000 01079nam a2200325 a 4500
003 CHAP
005 20220817044440.0
008 110524s2010 mx 010 spa d
010 _a101278
011 _a102250
020 _a9786074941715
035 _a112938
040 _cCHAP
090 _aCD-361
110 1 _aInstituto Nacional de Estadística y Geografía. México
245 1 0 _aMichoacan de Ocampo :
_bcompendio censal del siglo XX [Disco compacto]
_c/por Instituto Nacional de Estadística y Geografía
260 _aAguascalientes :
_bINEGI,
_c2010
300 _a1 disco compacto :
_c4 3/4 plgs.
490 0 _aMemoria
590 _aBATCH-UPD
_b10
_c20130110
_lUCH01
_h0934
590 _aBATCH-UPD
_b10
_c20130410
_lUCH01
_h0552
590 _aBATCH-UPD
_b10
_c20130914
_lUCH01
_h1816
590 _aCONVERSION
_b10
_c20130109
_lUCH01
_h1356
650 1 4 _aMichoacán
_xCensos.
_975461
650 1 4 _aMichoacán
_xEstadísticas.
_975454
830 0 _aMemoria
_974510
901 _aBK
942 _cCD
949 _aCD-361
_bBC
_cCD
_d33724002251603
_eCD
_gDonaciØn
_i112938
_sb
999 _c101278
_d101278